Fiscalidad e igualdad de gňero

Detalles Bibliográficos
Autor principal: Merino Jara, Isaac
Otros Autores: Manzano Silva, Elena
Formato: eBook
Lenguaje:español
Publicado: Madrid: Dykinson, 2012
Materias:
Acceso en línea:Acceso restringido

MARC

LEADER 00000nam a22000007a 4500
005 20140502211629.0
007 cr|||| ||||
008 140502s2012 es |||||s|||| 00||0 spa d
020 |a 978-84-9031-500-2 
035 |a 12118 
040 |a vLex 
090 |c 4899  |d 4899 
100 1 |a Merino Jara, Isaac 
245 1 0 |a Fiscalidad e igualdad de gňero  |h [Recurso electrn̤ico] /  |c Isaac Merino Jara, Elena Manzano Silva 
256 |a Servicio en ln̕ea 
260 |a Madrid:  |b Dykinson,  |c 2012 
300 |a 1 recurso electrn̤ico 
500 |a El derecho Financiero y Tributario puede ser un instrumento muy adecuado en la realizacin̤ de polt̕icas de gňero, tanto desde la p̤tica de los ingresos tributarios como del gasto pb︢lico, de cara a promover la igualdad efectiva entre hombres y mujeres. De las distintas figuras tributarias, no cabe duda que el IRPF se ha convertido en uno de los principales pilares de la denominada fiscalidad de gňero, con medidas tan relevantes como la deduccin̤ por maternidad, o con diversas deducciones autonm̤icas centradas en la promocin̤ del emprendimiento femenino y en la incorporacin̤-mantenimiento de las mujeres en el merado laboral despuš de la maternidad. En este contexto, resulta imprescindible examinar el estado actual de dicha materia desde un punto de vista crt̕ico que no permita enjuiciar la efectividad de las medidas adoptadas y proponer reformas de aquellos aspectos en los que, paradj̤icamente, el efecto producido es justo el contrario al pretendido. El Derecho a la igualdad entre hombres y mujeres debe seguir siendo una prioridad en un momento de dificultad econm̤ica como el actual en el que resulta fundamental contar con el capital humano que štas representan, siendo conscientes de que la desigualdad puede provocar enormes ineficiencias en el mercado del trabajo que lastran la produccin̤, al impedir el aprovechamiento y el pleno desarrollo del gran potencial de las mujeres. Con el convencimiento de que hoy es posible continuar el camino hacia la igualdad real y efectiva, animamos al lector a adentrarse en los diferentes estudios de esta obra. 
506 1 |a Disponible solo en los productos indicados  |d vLex Global  |d vLex Global (Academic Edition, excluding Law Schools)  |d vLex Global (U.S. Academic Edition, Law Schools)  |d vLex Global (U.S. Academic Edition, excluding Law Schools)  |d vLex Global (Academic Edition, Law Schools) 
650 0 4 |a Financiero  |z Espaą 
700 1 |a Manzano Silva, Elena 
740 0 |a vLex Libros (Servicio en ln̕ea) 
856 4 0 |u http://vlex.com/source/fiscalidad-e-igualdad-de-genero-12118  |z Acceso restringido 
942 |c BOOK 
999 0 |a Financial